Plan mašinostroitel'nogo predprijatija v uslovijach samofinansirovanija

Gespeichert in:
Bibliographische Detailangaben
1. Verfasser: Il'demenov, Sergej Valentovič
Weitere Verfasser: Makarov, Nikolaj Jakovlevič, Krutik, Aleksandr Borisovič
Format: Buch
Sprache:Russisch
Veröffentlicht: Moskva Mašinostrojenije 1989
Ausgabe:1. izd.
Tags: Tag hinzufügen
Keine Tags, Fügen Sie das erste Tag hinzu!

MARC

LEADER 00000nam a2200000 4500
001 c039068
005 20250606122901.9
041 0 |a rus 
044 |a RU 
245 1 0 |a Plan mašinostroitel'nogo predprijatija v uslovijach samofinansirovanija  |c Sergej Valentovič Il'demenov, Nikolaj Jakovlevič Makarov, Aleksandr Borisovič Krutik 
250 |a 1. izd. 
264 1 |a Moskva  |b Mašinostrojenije  |c 1989 
300 |a 134 s. 
100 1 |a Il'demenov, Sergej Valentovič 
700 1 |a Makarov, Nikolaj Jakovlevič 
700 1 |a Krutik, Aleksandr Borisovič